History Quiz

Random History Quiz
Score 0/20 Timer 07:00
0 Plays Today
Event Year % Correct
Michael Jackson Died2009
96.7%
Facebook Launched2004
94.9%
The Great Depression Began1929
92.3%
Martin Luther King Jr.'s Assassination1968
92%
Declaration of Independence Signed1776
88.8%
Last 'Harry Potter' Book Released2007
87.7%
Columbus Discovered the Americas1492
86.4%
The iPod Released2001
85.5%
Nelson Mandela Released from Jail1990
76.8%
Year Ancient Mayan Calendar Ends2012
73.4%
Event Year % Correct
I Love Lucy First Aired1951
70%
The Battle of Hastings1066
67.3%
Thomas Jefferson Took Office1801
67.1%
NASA Established1958
63.4%
The Oilers Became The Titans1999
53.3%
The Brady Bunch Cancelled1974
52.7%
Julius Caesar Killed44 BC
36.4%
Mozart's Birth1756
20.6%
Rosetta Stone Discovered1799
17.3%
Qin Dynast Established in China221 BC
4.2%

You're not logged in!

Compare scores with friends on all Sporcle quizzes.
OR
Log In

Sporcle TV

Today on Sporcle TV


Watch our educational content, quiz creation guides, and fun videos on Sporcle TV.

Show Comments

Extras

Created Oct 26, 2009ReportNominate
Tags:event, happen

Top Quizzes Today


Score Distribution

Paid Content

Your Account Isn't Verified!

In order to create a playlist on Sporcle, you need to verify the email address you used during registration. Go to your Sporcle Settings to finish the process.

Report this User

Report this user for behavior that violates our Community Guidelines.

Details: